Lucy Bedroque - Unmusique - Statistics

General Stats
  • This quiz has been taken 26 times
  • The average score is 12 of 17
Answer Stats
Song Unmusique % Correct
4 2010 Justin Bieber
94%
2 G6 Anthem
88%
15 Unmusique
82%
12 Cara Mia
76%
16 Cat's Eye
76%
6 Fenty Face
76%
3 Ultraviolet
76%
13 Ignorant
71%
7 Made In Italy
71%
10 Ouija
71%
1 Speakers Never Learn
71%
11 I Am Impossible
65%
5 Smackdown
65%
17 Yes, You May
65%
14 One Of Us Is Lying
59%
8 Tout Naturel
59%
9 Finish Him
47%
No matching quizzes found
Score Distribution
Percent of People with Each Score
Percentile by Number Answered
Your Score History
You have not taken this quiz